BMW Models - Statistics

General Stats
  • This quiz has been taken 355 times
  • The average score is 3 of 12
Answer Stats
Picture Answer % Correct
X3
98%
X5
92%
i3
67%
M6
30%
Z8
16%
M5
12%
Z4 Roadster
11%
503
2%
1500
1%
1 Series
1%
501
1%
328
0%
No matching quizzes found
Score Distribution
Percent of People with Each Score
Percentile by Number Answered
Your Score History
You have not taken this quiz